Hooray for dad's day! / (Record no. 7533)
[ view plain ]
| 000 -LEADER | |
|---|---|
| fixed length control field | 01303nam a22002657a 4500 |
| 001 - CONTROL NUMBER | |
| control field | 7533 |
| 003 - CONTROL NUMBER IDENTIFIER | |
| control field | FISKH |
| 005 - DATE AND TIME OF LATEST TRANSACTION | |
| control field | 20250723113347.0 |
| 008 - FIXED-LENGTH DATA ELEMENTS--GENERAL INFORMATION | |
| fixed length control field | 250723b cb ||||| |||| 00| 0 eng d |
| 020 ## - INTERNATIONAL STANDARD BOOK NUMBER | |
| International Standard Book Number | 027506914082 |
| 040 ## - CATALOGING SOURCE | |
| Original cataloging agency | FISKH |
| Language of cataloging | eng |
| Transcribing agency | FISKH |
| Modifying agency | FISKH |
| 050 ## - LIBRARY OF CONGRESS CALL NUMBER | |
| Classification number | PZ7 |
| 082 ## - DEWEY DECIMAL CLASSIFICATION NUMBER | |
| Classification number | 741.5 |
| 100 ## - MAIN ENTRY--PERSONAL NAME | |
| Personal name | Pass, Erica |
| 245 ## - TITLE STATEMENT | |
| Title | Hooray for dad's day! / |
| Statement of responsibility, etc. | by Erica Pass ; illustrated by The Artifact Group |
| 260 ## - PUBLICATION, DISTRIBUTION, ETC. | |
| Place of publication, distribution, etc. | Mailand : |
| Name of publisher, distributor, etc. | Advance Publisher, |
| Date of publication, distribution, etc. | 2009. |
| 300 ## - PHYSICAL DESCRIPTION | |
| Extent | 22 unnumbered pages : |
| Other physical details | color illustrations ; |
| Dimensions | 23 cm |
| 505 ## - FORMATTED CONTENTS NOTE | |
| Formatted contents note | J<br/> |
| 520 ## - SUMMARY, ETC. | |
| Summary, etc. | SpongeBob and his dad attend the annual Dad and Kid Games Day at Mussel Beach. Eager to win the grand prize—a gold-plated spatula—SpongeBob initially focuses on the competition. But through activities like bubble-blowing, sandcastle building, racing, and jellyfishing, he comes to realize that the most important prize is the time spent with his dad, not the trophy. Other Bikini Bottom dads (including Plankton’s and Squidward’s) participate, highlighting the theme of father-child bonding and friendly competition |
| 521 8# - TARGET AUDIENCE NOTE | |
| Target audience note | 450<br/> |
| Source | Lexile estimate <br/> |
| 521 8# - TARGET AUDIENCE NOTE | |
| Target audience note | J<br/> |
| Source | Raz-Plus<br/> |
| 650 ## - SUBJECT ADDED ENTRY--TOPICAL TERM | |
| Topical term or geographic name entry element | Father’s Day |
| Form subdivision | Father-Child Relationship |
| General subdivision | Picture Book |
| Chronological subdivision | Easy Reader |
| 942 ## - ADDED ENTRY ELEMENTS (KOHA) | |
| Source of classification or shelving scheme | Dewey Decimal Classification |
| Koha item type | Books |
| Suppress in OPAC | No |
| Withdrawn status | Lost status | Source of classification or shelving scheme | Damaged status | Not for loan | Collection | Home library | Current library | Shelving location | Date acquired | Total Checkouts | Full call number | Barcode | Date last seen | Date last checked out | Copy number | Price effective from | Koha item type |
|---|---|---|---|---|---|---|---|---|---|---|---|---|---|---|---|---|---|
| Dewey Decimal Classification | Juvenile Fiction | Footprints International School Library Network Toul Kork Campus | Footprints International School Library Network Toul Kork Campus | TK Primary Library Room(4th Floor), Bookcase 1&2, Shelves 1-16, Dark Blue Books | 07/23/2025 | 5 | PAS 741.5 PZ7 | FISTK02164 | 04/08/2026 | 04/01/2026 | 1 | 07/23/2025 | Books |
